Normal view
MARC view
- MS-EM-8
Entry Topical Term
001 - CONTROL NUMBER
- control field: 84871
003 - CONTROL NUMBER IDENTIFIER
- control field: NUST
005 - DATE AND TIME OF LATEST TRANSACTION
- control field: 20211122115617.0
008 - FIXED-LENGTH DATA ELEMENTS
- fixed length control field: 211122|| aca||aabn | a|a d
040 ## - CATALOGING SOURCE
- Original cataloging agency: NUST
- Transcribing agency: NUST
150 ## - HEADING--TOPICAL TERM
- Topical term or geographic name entry element: MS-EM-8
670 ## - SOURCE DATA FOUND
- Source citation: Work cat.: (NUST)577229: Ayesha Zahir 70219, TH-SOF-1406-Feasibility Analysis of Grid-Connected Solar Photovoltaic System based on Net-Metering Incentive for a Developing Country A Case Study of Pakistan, 2017.
